Informačný zpravodaj Ústrednej ekonomickej knižnice
Na minha lista:
| Formato: | Periódico |
|---|---|
| Idioma: | eslovaco |
| Publicado em: |
Bratislava
Ústredná ekonomická knižnica pri VŠE
|
| Tags: |
Sem tags, seja o primeiro a adicionar uma tag!
|
MARC
| LEADER | 00000nas1a2200000$$$4500 | ||
|---|---|---|---|
| 001 | 0016370 | ||
| 005 | 20250730114821.1 | ||
| 041 | 0 | |a slo | |
| 044 | |a SK | ||
| 245 | 1 | 0 | |a Informačný zpravodaj Ústrednej ekonomickej knižnice |
| 264 | 1 | |a Bratislava |b Ústredná ekonomická knižnica pri VŠE | |